| 000 | 00877cam a2200289 i 4500 | ||
|---|---|---|---|
| 001 | 4571321 | ||
| 003 | OSt | ||
| 005 | 20140310182721.0 | ||
| 008 | 750106s1974 coua 000 0 eng | ||
| 010 | _a 74081782 | ||
| 020 |
_a0883960060 _c$2.95 |
||
| 040 |
_aDLC _cDLC _dDLC |
||
| 050 | 0 | 0 |
_aPS 3569 _b.Sch396 1974 |
| 082 | 0 | 0 |
_aM 811.54 _bSch8 1974 |
| 100 | 1 | _aSchutz, Susan Polis. | |
| 245 | 1 | 0 |
_aMusic in the streets : _bpoems _cSchutz, Susan Polis |
| 260 |
_aBoulder, Colo. : _bBlue Mountain Arts, _c1974. |
||
| 300 |
_a63 p. : _bill. ; _c22 cm. |
||
| 521 | _aHigh School to College Student | ||
| 526 | _c0L to 1700L | ||
| 541 | _j1 | ||
| 562 | _efor circulation. 1 copy available in the collection | ||
| 650 | 0 |
_aStreet music _vPoetry. |
|
| 700 | 1 |
_aSchutz, Stephen, _eill. |
|
| 906 |
_a7 _bcbc _corignew _d2 _eopcn _f19 _gy-gencatlg |
||
| 942 |
_2lcc _cBK _kM |
||
| 999 |
_c15332 _d15332 |
||